| 000 | 01612nam a2200337 i 4500 | ||
|---|---|---|---|
| 001 | 46001 | ||
| 003 | ES-MaACL | ||
| 005 | 20250727053336.0 | ||
| 007 | t| | ||
| 008 | 030327s1762 sp ||||1| spa d | ||
| 111 | 2 |
_aConcilio de Trento _d(1545-1563) _9135069 |
|
| 245 | 1 | 0 |
_aSacrosanctum Oecumenicum Concilium Tridentinum : _badditis declarationibus Cardinalium eiusdem Concilii interpretum / _cex ultima recognitione Ioannis Gallemart ; nec non remissionibus Augustini Barbosae ; et annotationibus practicis Cardinalis De Luca ... ; cum variis Rotae Romanae decisionibus. |
| 250 | _aEd. novissima. | ||
| 260 |
_aMatriti : _bapud Joachim Ibarra, _c1762. |
||
| 300 |
_a[28], 677 páginas ; _cFol. |
||
| 500 | _aSign.: a-b4, c6, A-Z4, 2A-2Z4, 3A-3R4, 3S6, 3T-3Z4, 4A-404, 4P5. | ||
| 500 | _aTexto a dos columnas | ||
| 500 | _aPort. con grab. xil. alusivo al Concilio | ||
| 530 | _aDisponible en formato digital | ||
| 611 | 2 | 7 |
_aConcilio de Trento _y(1545-1563) _9240788 |
| 700 | 1 |
_aGallemart, Jean, _cCardenal _953604 _eclb |
|
| 700 | 1 |
_aBarbosa, Agostino, _cCardenal _925469 _eclb |
|
| 700 | 1 |
_aDe Luca, Joannes Baptista, _cCardenal _943060 _eclb |
|
| 700 | 1 |
_aIbarra, Joaquín, _d1725-1785 _eprm _9172326 |
|
| 852 |
_aES-MaACL _jR-3334 _cDEPO |
||
| 856 |
_uhttps://patrimoniodigital.ucm.es/s/patrimonio/item/621480 _yVersión en línea _z(Patrimonio Digital Complutense) |
||
| 856 |
_uhttps://patrimoniodigital.ucm.es/s/patrimonio/item/621481 _yVersión en línea _z(Patrimonio Digital Complutense) |
||
| 942 |
_2udc _cMONANT _n0 |
||
| 999 |
_c46001 _d46001 |
||